Antoni Gaudí

Gespeichert in:
Bibliographische Detailangaben
1. Verfasser: Pane, Roberto (autore)
Format: Buch
Sprache:Italienisch
Veröffentlicht: Milán Di Comunità 1964
Schlagworte:
Tags: Tag hinzufügen
Keine Tags, Fügen Sie den ersten Tag hinzu!

MARC

LEADER 00000nam a2200000 a 4500
001 UCT2676
003 CL-VaPUC
008 961011e19640000IT |||||||||||||||||ita|d
082 0 4 |a 720.92  |b PAN  |2 21 
100 |a Pane, Roberto  |e autore  |9 371628 
245 1 0 |a Antoni Gaudí 
300 |a 273 p 
942 |c BK 
945 |d 19961011 00:00:00  |a nastorga 
260 |a Milán  |b Di Comunità  |c 1964 
600 0 |a Gaudí i Cornet, Antoni  |d 1852-1926.  |9 265270 
650 0 |a Arquitectura   |y Siglo 19   |9 333195 
650 0 |a Diseño arquitectónico   |9 265271 
650 0 |a Biografías  |9 255210 
650 0 |a Crítica e interpretación   |9 255042 
650 0 |a Edificios religiosos  |9 335394 
650 0 |a Modernismo  |9 267987 
650 0 |a Obras de arte  |9 337253 
651 0 |a España  |9 254926 
583 |a last modification  |c 20160826 04:39:14  |k Rodrigo Vera 
999 |c 252660  |d 252658 
952 |0 0  |1 0  |4 0  |6 720_920000000000000_PAN_1964  |7 0  |8 A  |9 272637  |a BIBARQ  |b BIBARQ  |d 2019-11-19  |i 323794K  |l 1  |o 720.92 PAN 1964  |p 323794K  |r 2025-01-20  |s 2022-09-29  |w 2019-11-19  |y BK  |k ARQ